| Record ID | marc_records_scriblio_net/part02.dat:60859294:932 |
| Source | Scriblio |
| Download Link | /show-records/marc_records_scriblio_net/part02.dat:60859294:932?format=raw |
LEADER: 00932cam 22002171 4500
001 17025578
003 DLC
005 20050909211128.0
008 730201s1881 xx 000 0 eng
010 $a 17025578
035 $a(OCoLC)550473
040 $aDLC$cOTU$dOCoLC$dDLC
042 $apremarc
050 00 $aPR5837$b.N6 1881
100 1 $aWilson, John,$d1785-1854.
245 10 $aNoctes ambrosianæ,$cby Christopher North. (Prof. John Wilson). Selected, ed. and arranged by John Skelton.
260 $aNew York,$bJ. W. Lovell$c[ca. 1881]
300 $axix, 582 p.$bdiagrs.$c19 cm.
500 $a"Papers...which...appeared in 'Blackwood's magazine'...from 1825 to 1835...The present edition is based upon that ed. by Professor Ferrier."--Introd. dated 1876.
500 $aAppendices: I. Notices of Timothy Tickler and the Ettrick sheperd, by Professor Ferrier.--II. Glossary of Scotch words.
700 1 $aSkelton, John,$cSir,$d1831-1897,$eed.